Κατάλογος Βιβλιοθηκών Mediterranean College

Από Οικογενειακή Επιχείρηση σε Εταιρεία με Εταιρική Διακυβέρνηση/Η Περίπτωση Μετασχηματισμού της Cartontec Α.Ε. (Record no. 8630)

MARC details
000 -LEADER
fixed length control field 02259cam a22001934a 4500
005 - ΗΜΕΡΟΜΗΝΙΑ ΚΑΙ ΩΡΑ ΤΕΛΕΥΤΑΙΑΣ ΕΝΗΜΕΡΩΣΗΣ
Πεδίο ελέγχου 20250605164342.0
008 - FIXED-LENGTH DATA ELEMENTS--GENERAL INFORMATION
Πεδίο ελέγχου σταθερού μήκους 250528s ||||||||||||||||||||||||d
035 ## - SYSTEM CONTROL NUMBER
System control number 23633
040 ## - ΠΗΓΗ ΚΑΤΑΛΟΓΟΓΡΑΦΗΣΗΣ
Φορέας πρωτότυπης καταλογογράφησης MC Athens Campus Library
Γλώσσα καταλογογράφησης Ελληνικά, Μοντέρνα (1453-)
Modifying agency MC Athens Campus Library
Κανόνες περιγραφικής καταλογογράφησης AACR2
245 1# - ΤΙΤΛΟΣ ΚΑΙ ΔΗΛΩΣΗ ΥΠΕΥΘΥΝΟΤΗΤΑΣ
Τίτλος Από Οικογενειακή Επιχείρηση σε Εταιρεία με Εταιρική Διακυβέρνηση/Η Περίπτωση Μετασχηματισμού της Cartontec Α.Ε.
260 ## - PUBLICATION, DISTRIBUTION, ETC.
Date of publication, distribution, etc. 2017
300 ## - PHYSICAL DESCRIPTION
Extent 119
520 ## - SUMMARY, ETC.
Summary, etc. Εισαγωγή, Ορισμός της Οικογενειακής Επιχείρησης, Βασικά Χαρακτηριστικά της Οικογενειακής Επιχείρησης, Πλεονεκτήματα και Μειονεκτήματα, Ο Ρόλος των Οικογενειακών Επιχειρήσεων στην Ελληνική και Παγκόσμια Οικονομία, Ιδιοκτησιακό Καθεστώς και Νομικά και Διοικητικά Πλαίσια Διαχείρισης και Λειτουργίας, Βιωσιμότητα και Ανάπτυξη Οικογενειακών Επιχειρήσεων, Διαδικασία Διαδοχής Ηγεσίας της Επιχείρησης, Έννοια Εταιρικής Διακυβέρνησης, Σκοπός και Οφέλη της Εταιρικής Διακυβέρνησης, Ρόλος και Ευθύνη και Αρμοδιότητες Διοικητικού Συμβουλίου, Δικαιώματα και Υποχρεώσεις Μετόχων, Ομάδες Πίεσης με Νόμιμα Συμφέροντα στην Εταιρεία (Stakeholders), Μηχανισμοί Εσωτερικού Ελέγχου Διασφάλισης Στόχων, Συστήματα και Θεωρίες Εταιρικής Διακυβέρνησης, Διαδοχή και Εταιρική Διακυβέρνηση, Κίνδυνοι Αποτυχίας Εταιρικής Διακυβέρνησης, CARTONTEC Α.Ε - Ιστορικό, Προσωπικός Αναστοχασμός, Βιβλιογραφία.
700 1# - ΠΡΟΣΘΕΤΗ ΑΝΑΓΡΑΦΗ--ΦΥΣΙΚΟ ΠΡΟΣΩΠΟ
Personal name Ζάβαλος Θωμάς
9 (RLIN) 9226
700 1# - ΠΡΟΣΘΕΤΗ ΑΝΑΓΡΑΦΗ--ΦΥΣΙΚΟ ΠΡΟΣΩΠΟ
Personal name Πρόντζας Παναγιώτης
9 (RLIN) 9225
942 ## - ADDED ENTRY ELEMENTS (KOHA)
Koha item type Διπλωματική εργασία
Holdings
Τύπος τεκμηρίου Βιβλιοθήκη Τρέχουσα τοποθεσία Barcode Ημερομηνία απόκτησης Ταξιθετικό σύμβολο Αριθμός αντιτύπου Κατάσταση απόσυρσης Κατάσταση χαμένου Κατάσταση κατεστραμμένου Μη δανεισμός Σύνολο δανεισμών Ημερομηνία τελευταίας εμφάνισης Η τιμή ισχύει από
Διπλωματική εργασία MC Athens Campus Library MC Athens Campus Library 9780000086297 05/06/2025 BUS 2017 (6) 1           05/06/2025 05/06/2025

MC Athens Campus Library
Πατησίων 94 & Κοδριγκτώνος 13, 104 34
Πελλήνης 8 & Πατησίων 107, 112 51
Τ: +30 210 8899600

MC Thessaloniki Campus Library
Ίωνος Δραγούμη 21, 54625 | Ίωνος Δραγούμη 15, 54625
Τ: +30 2310 287779 – Τ: +30 2314 440300